Virgin soil upturned / (Record no. 7821)
[ view plain ]
| 000 -LEADER | |
|---|---|
| fixed length control field | 00381cam a2200157ua 4500 |
| 041 0# - LANGUAGE CODE | |
| Language code of text/sound track or separate title | eng |
| 082 ## - DEWEY DECIMAL CLASSIFICATION NUMBER | |
| Classification number | 823.308 |
| Item number | MIK/VI |
| 100 ## - MAIN ENTRY--AUTHOR NAME | |
| Personal name | Sholokhov, Mikhail . |
| 245 ## - TITLE STATEMENT | |
| Title | Virgin soil upturned / |
| 250 ## - EDITION STATEMENT | |
| Edition statement | 1 / |
| 260 ## - PUBLICATION, DISTRIBUTION, ETC. (IMPRINT) | |
| Place of publication | Moscow : |
| Name of publisher | Progress Publishers. |
| 300 ## - PHYSICAL DESCRIPTION | |
| Number of Pages | 421 ; . |
| 942 ## - ADDED ENTRY ELEMENTS (KOHA) | |
| Koha item type | Books |
| Withdrawn status | Lost status | Damaged status | Home library | Current library | Date acquired | Full call number | Accession Number | Koha item type |
|---|---|---|---|---|---|---|---|---|
| Withdrawn | KAUAET | Central Prison Tavanur | 13/11/2023 | 823.308 MIK/VI | 11188 | Books | ||
| Withdrawn | KAUAET | Sanskrit University | 07/04/2012 | 823.308 | 11187 | Books |
